=LDR 00000nam 2200000 4500 =001 INLIS000000000035473 =005 20130612141327 =008 ***********************************ind** =035 ##$$0010-061300000035473 =041 ##$$a ind =082 ##$$a 813 =090 ##$$a 813, Elm b =100 ##$$a Elmishry, Gudurrahman =245 ##$$a Bait bait cinta, Geidurrahman Elmishry;Editor,Labuh kembara =260 ##$$a 2008 $b Jakarta =300 ##$$a 350hlm, 20 cm =650 ##$$a Fiksi Indonesia =700 ##$$a Kembara, Labuh =850 ##$$a NBPNMAT =990 ##$$a 91477/BPAP-NTB/2014 =990 ##$$a 93874/BPAP-NTB/2014 =990 ##$$a 2090100969/BPAP-NTB/2015 =990 ##$$a 2090101485/BPAP-NTB/2015